| 000 | 00538nam a22001817a 4500 | ||
|---|---|---|---|
| 005 | 20250109113928.0 | ||
| 010 | _aENG-143264 | ||
| 020 |
_a9789392210440 _c395.00 |
||
| 035 | _aEN-126796 | ||
| 037 | _bDBAD | ||
| 082 | _aN | ||
| 100 |
_aHarrison, Charles Yale _976191 |
||
| 245 |
_aGenerals Die in Bed/ _cBy Charles Yale Harrison |
||
| 260 |
_aChandigarh _bJGS Enterprises Pvt. Ltd _c2024 |
||
| 270 |
_aSCO 14-15, FF, Sector 8-C _bChandigarh _e160009 _mservice@thebrowser.org |
||
| 300 |
_a141p. _c21cm(pb) |
||
| 942 |
_2ddc _cEN _mHAR _hN |
||
| 999 |
_c208256 _d208256 |
||